=LDR 00000nam 2200000 4500 =001 INLIS000000000011409 =005 20130612102956 =008 ***********************************Ind** =035 ##$$0010-061300000011409 =041 ##$$a Ind =082 ##$$a 959.5 =090 ##$$a 959.5, Abd P =100 ##$$a Abdullah, Abdul Rahman =245 ##$$a Penjajahan Malaysia, Cabaran dan Warisan nya, Dr.Abdul Rahman Haji Abdullah =260 ##$$a 1997 $b Yogyakarta =300 ##$$a xxvii, 160 hlm., 21 cm =650 ##$$a Malaysia-Penjajahan =850 ##$$a NBPNMAT